000 00354nam a2200133Ia 4500
005 20260326235441.0
008 260326s9999||||xx |||||||||||||| ||und||
100 _aGarcía, Mario Sergio
245 0 _aOCA :
_b Arquitetura no Brasil /
_cMario Sergio García
260 _bVictoria Books
300 _a279 p.
650 _aARQUITECTURA REGIONAL
942 _cBK
999 _c7407
_d7407